00487 2200169 4500001002100000005001700021008004100038035002500079082001100104090001800115245006200133260004300195300003600238650001300274850001200287990001800299YOGYA-0209000007086020150706102919.0 ind  a0010-020900000070860 a729.19 aT 729.19bPra aPRASASTI pejuang menyongsong masa depan bangsa dan negara aMagelangbSMA Taruna Nusantarac[1992] axiv, 41 hlm. :bilus. ;c21 cm. aPrasasti aYOPDYOG a33084-PD/A.08